Catalog

Record Details

Catalog Search



Gesammelte Schriften, Band 1 : Die Soziallehren der Christlichen Kirchen und Gruppen  Cover Image Book Book

Gesammelte Schriften, Band 1 : Die Soziallehren der Christlichen Kirchen und Gruppen / von Ernst Troeltsch.

Record details

  • ISBN: 3-511-06210-1 (Gesamtwerk)
  • ISBN: 3-511-06211-X (1. Bd.)
  • ISBN: 3-511-06212-8 (2. Bd.)
  • ISBN: 3-511-06213-6 (3. Bd.)
  • ISBN: 3-511-06214-4 (4. Bd.)
  • Physical Description: 994. ; 24 cm.
  • Publisher: Aalen : Scientia Verlag , 1962-1977.

Content descriptions

General Note:
4. Bd. hrsg. von H. Baron.
Reprint of the 1922-1925 ed. published by Mohr, Tübingen.
Bibliography, etc. Note:
Bibliography of Troeltsch's works: v. 4, p. [861]-872.
Includes indexes.
Formatted Contents Note:
Bd 1. Die Soziallehren der christlichen Kirchen und Gruppen. -- Bd. 2. Zur religiösen Lage, Religionsphilosophie und Ethik. -- Bd. 3. Der Historismus und seine Probleme. Erstes (einziges) Buch: Das logische Problem der Geschichtsphilosophie. -- Bd. 4. Aufsätze zur Geistesgeschichte und Religionssoziologie.
Subject: Theology > Collected works > 20th century.
Church and social problems > History.
History > Philosophy.

Available copies

  • 1 of 1 copy available at Common Catalog SPOK.

Holds

  • 0 current holds with 1 total copy.
Show Only Available Copies
Location Call Number / Copy Notes Barcode Shelving Location Status Due Date
ETS Library 261.6 424470014815 Volný výběr Available -

LDR 01666cam a2200409 a 4500
00134240
003CZ-PrJAB
00520160808085938.0
008901219m19621977gw a 000 0 ger
010 . ‡a 68131011
020 . ‡a3-511-06210-1 (Gesamtwerk)
020 . ‡a3-511-06211-X (1. Bd.)
020 . ‡a3-511-06212-8 (2. Bd.)
020 . ‡a3-511-06213-6 (3. Bd.)
020 . ‡a3-511-06214-4 (4. Bd.)
035 . ‡a(CONS)12179
035 . ‡a(CaOOAMICUS)000017542935
040 . ‡aCaAEU ‡beng ‡cCaAEU
050 4. ‡aBR83 ‡b.T72
050 . ‡aBR83 ‡b.T72
0821 . ‡a261.6
1001 . ‡aTroeltsch, Ernst, ‡d1865-1923.
24510. ‡aGesammelte Schriften, Band 1 : Die Soziallehren der Christlichen Kirchen und Gruppen / ‡cvon Ernst Troeltsch.
260 . ‡aAalen : ‡bScientia Verlag , ‡c1962-1977.
300 . ‡a994. ; ‡c24 cm.
500 . ‡a4. Bd. hrsg. von H. Baron.
500 . ‡aReprint of the 1922-1925 ed. published by Mohr, Tübingen.
504 . ‡aBibliography of Troeltsch's works: v. 4, p. [861]-872.
504 . ‡aIncludes indexes.
5050 . ‡aBd 1. Die Soziallehren der christlichen Kirchen und Gruppen. -- Bd. 2. Zur religiösen Lage, Religionsphilosophie und Ethik. -- Bd. 3. Der Historismus und seine Probleme. Erstes (einziges) Buch: Das logische Problem der Geschichtsphilosophie. -- Bd. 4. Aufsätze zur Geistesgeschichte und Religionssoziologie.
650 0. ‡aTheology ‡xCollected works ‡y20th century.
650 0. ‡aChurch and social problems ‡xHistory.
650 0. ‡aHistory ‡xPhilosophy.
7001 . ‡aBaron, Hans, ‡d1900-
8524 . ‡bETS ‡bETS ‡cVolný výběr ‡j261.6 ‡p424470014815 ‡y$50.00
866 0. ‡93 ‡a1-4
910 . ‡aABG450
999 . ‡a12179 ‡c12179 ‡tbiblio
905 . ‡uadmin
901 . ‡a34240 ‡b ‡c34240 ‡tbiblio ‡sets

Additional Resources